000 00478nam a2200181Ia 4500
001 19155
005 20260306171723.0
008 260306s9999||||xx |||||||||||||| ||und||
041 _aESP
082 _a658.8
_bM95 2012
100 _aMunuera Alemán, José Luis,
_eAUT
245 0 _aEstrategias de marketing :
_bun enfoque basado en el proceso de dirección
260 _c2012
300 _a687 páginas :
_c
650 _aGEN
654 _aCAN
942 _cLIB
_dJUS
_fJUS
_2ddc
_n
999 _c19155
_d19155